000 00638nam a2200217 u 4500
005 20240314063642.0
008 111031s1998 es r 000 0 spa d
020 _a8434845482
035 _aUPN01000182374
049 _aI
050 4 _aPZ7
_bD3.5 1998
100 1 _aDahl, Roald,
_d1916-1990
_930693
245 1 0 _aMi año /
_cRoald Dahl ; il. Quentin Blake ; tr. Ma. José Guitián.
250 _a2a ed.
260 _aMadrid :
_bSM,
_c1998.
300 _a137 p. :
_bil. col.
440 3 _aEl barco de vapor ;
_v8
534 _pTítulo original:
_tMy year
650 4 _aCuentos infantiles estadounidenses
_910762
905 _aInfantil
999 _c154477
_d154477